| 000 | 01975cam a2200349 a 4500 | ||
|---|---|---|---|
| 001 | 17340342 | ||
| 005 | 20141110134146.0 | ||
| 008 | 120607s2013 maua b 001 0 eng | ||
| 010 | _a 2012023392 | ||
| 020 | _a9780132724128 (pbk. : alk. paper) | ||
| 020 | _a013272412X (pbk. : alk. paper) | ||
| 035 | _a(DNLM)101585851 | ||
| 040 |
_aDNLM/DLC _cDLC _dDLC |
||
| 042 | _apcc | ||
| 050 | 0 | 0 |
_aRT 90.7 _b.Am64 2013 |
| 060 | 1 | 0 | _aWY 100 |
| 082 | 0 | 0 | _a610.73 |
| 100 | 1 | _aAmer, Kim Siarkowski. | |
| 245 | 1 | 0 |
_aQuality and safety for transformational nursing : _bcore competencies / _cKim Siarkowski Amer. |
| 260 |
_aBoston : _bPearson, _cc2013. |
||
| 300 |
_axvi, 271 pages : _bcolored illustrations ; _c24 cm. |
||
| 504 | _aIncludes bibliographical references and index. | ||
| 505 | 0 | _aRisk and threats to safe quality care in hospital settings -- Quality and safety models -- Transition to practice : an essential element of quality and safety -- Power, empowerment, and change : considering nurses' capacity to strengthen safety and quality in health care -- Quality and safety education strategies -- Evaluating a program : metrics and the influence of stakeholders -- Interprofessional team building -- Transforming care at the bedside (TCAB) experience : nursing innovations, practice improvements, and quality and safety improvements -- Informatics and nursing : using technology to improve quality -- Person-centered care as a priority for nursing practice and quality care -- Quality health care, policy, and ethics -- Future-focused quality nursing. | |
| 521 | _aNursing | ||
| 650 | 1 | 2 |
_aNursing Process _xorganization & administration _zUnited States. |
| 650 | 2 | 2 |
_aClinical Competence _zUnited States. |
| 650 | 2 | 2 |
_aMedical Errors _xprevention & control _zUnited States. |
| 650 | 2 | 2 |
_aPatient Safety _zUnited States. |
| 650 | 2 | 2 |
_aQuality of Health Care _zUnited States. |
| 906 |
_a7 _bcbc _corignew _d1 _eecip _f20 _gy-gencatlg |
||
| 942 |
_2lcc _cBK _kFOR |
||
| 999 |
_c276756 _d276756 |
||